Trendy v chemickém zpracování dřeva

Enregistré dans:
Détails bibliographiques
Format: Livre
Langue:tchèque
Publié: Praha Ústředí vědeckých, technických a ekonomických informací 1987
Édition:1. vyd.
Tags: Ajouter un tag
Pas de tags, Soyez le premier à ajouter un tag!

MARC

LEADER 00000nam a2200000 4500
001 c040238
005 20251204112358.9
041 0 |a cze 
044 |a CZ 
245 1 0 |a Trendy v chemickém zpracování dřeva  |c Šárka Speváková 
250 |a 1. vyd. 
264 1 |a Praha  |b Ústředí vědeckých, technických a ekonomických informací  |c 1987 
300 |a 63 s.